000 00597nam a22002297a 4500
005 20170124110246.0
010 _aB-061825
020 _c00.00
035 _aB-061825
037 _bCen Lib/Ret
040 _aDPL
_bEN
082 _a540
_bBHA
100 _aB. Ghosh
_997619
245 _aEntrance chemistry /
_bby B. Ghosh
260 _a[s.l.]
_b[s.n.]
270 _b[s.l.]
300 _axviii,1399p.
_c21cm(Hb)
500 _aIncludes appendix
650 _aChemistry -- Entrance books
_997620
650 _aInorganic chemistry
_997621
942 _2ddc
_cEN
_h540
_mBHA
999 _c135547
_d135547